00826nam a2200241 i 4500001000300000245012500003260005200128300002600180490004500206504003600251650003300287700002100320830004500341020001500386040000800401041000800409080002000417920001800437942000700455008004100462999001700503952006400520bg00aInterfaces between second language acquisition and language testing research /ced. by Lyle F. Bachman, Andrew D. Cohen. aCambridge :bCambridge University Press,c1998. aXIV, 202 s. ;c23 cm.1 aThe Cambridge Applied Linguistics Series aBibliogr. przy rozdz. - Indeks. 9aJęzykixnauczaniexbadanie1 aCOHEN, Andrew D. aThe Cambridge Applied Linguistics Series a0521649633 cBPK0 agbr a372.881.1:81'24 a0-521-64963-3 cKS s pl f |000 0 pol  c51825d51825 00104071aBPKbBPKceho79190p02315010t37.016:81 NjyKS